| 000 | 00337nam a22001457a 4500 | ||
|---|---|---|---|
| 999 |
_c15373 _d15373 |
||
| 020 | _a9788182661509 | ||
| 082 |
_a910 _bVEE/DA |
||
| 100 |
_aVeerendrakumar, M. P _93054 |
||
| 245 | _aDanube Sakshi | ||
| 250 | _a6 | ||
| 260 |
_aKozhikode _bMathrubhumi Books _c2014 |
||
| 300 | _a462 | ||
| 650 |
_aMalayalam Travelogue _93055 |
||
| 942 | _cBK | ||